000 00277nam a22001097a 4500
999 _c160106
_d160106
082 _a
_b
100 _aJagtap R S
245 _aMeharunnisa parvez ke katha sahithya main nari/
_cby Jagtap R S.
260 _aMathura:
_bJawahar Pustakalaya,
_c2010.
650 _a
942 _cBK